Finite Difference Schemes and Partial Differential Equations (Record no. 2109)

MARC details
000 -LEADER
fixed length control field 00542nam a2200193 4500
003 - CONTROL NUMBER IDENTIFIER
control field OSt
005 - DATE AND TIME OF LATEST TRANSACTION
control field 20240424125230.0
008 - FIXED-LENGTH DATA ELEMENTS--GENERAL INFORMATION
fixed length control field 150619b xxu||||| |||| 00| 0 eng d
020 ## - INTERNATIONAL STANDARD BOOK NUMBER
International Standard Book Number 0412072211
040 ## - CATALOGING SOURCE
Transcribing agency 040a
082 ## - DEWEY DECIMAL CLASSIFICATION NUMBER
Classification number 515.35 STR 1989
100 ## - MAIN ENTRY--PERSONAL NAME
Personal name Strikwerda, John C.
9 (RLIN) 5453
245 ## - TITLE STATEMENT
Title Finite Difference Schemes and Partial Differential Equations
260 ## - PUBLICATION, DISTRIBUTION, ETC. (IMPRINT)
Place of publication, distribution, etc. New York;
Name of publisher, distributor, etc. Chapman & Hall,
Date of publication, distribution, etc. 1989
300 ## - PHYSICAL DESCRIPTION
Extent xii, 386p;
Other physical details ill :
Dimensions 12 cm
504 ## - BIBLIOGRAPHY, ETC. NOTE
Bibliography, etc includes index
650 ## - SUBJECT ADDED ENTRY--TOPICAL TERM
Topical term or geographic name as entry element Differential equations
9 (RLIN) 751
942 ## - ADDED ENTRY ELEMENTS (KOHA)
Source of classification or shelving scheme Dewey Decimal Classification
Koha item type Short Loan
Holdings
Withdrawn status Lost status Source of classification or shelving scheme Damaged status Not for loan Home library Current library Date acquired Source of acquisition Inventory number Total Checkouts Full call number Barcode Date last seen Koha item type
    Dewey Decimal Classification     MUST Main Library MUST Main Library 19/06/2015 Purchase 98/11893   515.35 STR 1989 2015-1979 19/06/2015 Short Loan
    Dewey Decimal Classification     MUST Main Library MUST Main Library 03/11/2015 Purchase 98/11894   515.35 STR 1989 2015-2421 03/11/2015 Short Loan